LEADER 02146nam 2200625 450 001 9910464734503321 005 20200903223051.0 010 $a90-272-7023-6 035 $a(CKB)3710000000134661 035 $a(SSID)ssj0001224737 035 $a(PQKBManifestationID)12528411 035 $a(PQKBTitleCode)TC0001224737 035 $a(PQKBWorkID)11264181 035 $a(PQKB)11477206 035 $a(MiAaPQ)EBC1717621 035 $a(Au-PeEL)EBL1717621 035 $a(CaPaEBR)ebr10886311 035 $a(CaONFJC)MIL621877 035 $a(OCoLC)881887467 035 $a(EXLCZ)993710000000134661 100 $a20140702h20142014 uy 0 101 0 $aeng 135 $aurcnu|||||||| 181 $ctxt 182 $cc 183 $acr 200 00$aLanguage acquisition in study abroad and formal instruction contexts /$fedited by Carmen Pe?rez Vidal 210 1$aAmsterdam, Netherlands ;$aPhiladelphia, Pennsylvania :$cJohn Benjamins Publishing Company,$d2014. 210 4$d©2014 215 $a1 online resource (335 pages) 225 1 $aAILA Applied Linguistics Series,$x1875-1113 ;$vVolume 3 300 $aBibliographic Level Mode of Issuance: Monograph 311 $a90-272-0531-0 320 $aIncludes bibliographical references at the end of each chapters and index. 410 0$aAILA applied linguistics series ;$vVolume 3. 606 $aLanguage teachers$xTraining of 606 $aLanguage acquisition$xStudy and teaching 606 $aLanguage and languages$xStudy and teaching 606 $aForeign study 606 $aLanguage and culture 608 $aElectronic books. 615 0$aLanguage teachers$xTraining of. 615 0$aLanguage acquisition$xStudy and teaching. 615 0$aLanguage and languages$xStudy and teaching. 615 0$aForeign study. 615 0$aLanguage and culture. 676 $a418.0071 702 $aPe?rez Vidal$b Carmen 801 0$bMiAaPQ 801 1$bMiAaPQ 801 2$bMiAaPQ 906 $aBOOK 912 $a9910464734503321 996 $aLanguage acquisition in study abroad and formal instruction contexts$92069433 997 $aUNINA LEADER 01063nam a22002411i 4500 001 991001873199707536 005 20031231110428.0 008 040407s1972 vc |||||||||||||||||fre 035 $ab12836254-39ule_inst 035 $aARCHE-081587$9ExL 040 $aDip.to Scienze Storiche$bita$cA.t.i. Arché s.c.r.l. Pandora Sicilia s.r.l. 082 04$a327.4563 245 03$aLe Saint Siège et les victimes de la guerre :$bmars 1939-decembre 1940 260 $aCittà del Vaticano :$bLibreria editrice vaticana,$c1972 300 $aXXVIII, 557 p., [9] tav. ripieg. ;$c25 cm 440 0$aActes et documents du Saint Siège relatifs à la Seconde guerre mondiale ;$v6 610 24$aSanta Sede$xAttivita umanitarià$y1939-1940$xDocumenti 907 $a.b12836254$b02-04-14$c16-04-04 912 $a991001873199707536 945 $aLE009 STOR.01/a-22$g1$i2009000120693$lle009$o-$pE0.00$q-$rn$so $t0$u0$v0$w0$x0$y.i13388976$z16-04-04 996 $aSaint Siège et les victimes de la guerre$983940 997 $aUNISALENTO 998 $ale009$b16-04-04$cm$da $e-$ffre$gvc $h3$i1